LEGO Botanical Collection sets by picture - Statistics

General Stats
  • This quiz has been taken 19 times
    16 since last reset
  • The average score is 11 of 18
Answer Stats
Picture Answer % Correct
Roses
92%
Bonsai Tree
85%
Mini Orchid
85%
Sunflowers
85%
Orchid
77%
Daffodils
69%
Cherry Blossoms
62%
Succulents
62%
Tiny Plants
62%
Wildflower Bouquet
62%
Bouquet of Roses
54%
Chrysanthemum
54%
Flower Bouquet
54%
Lucky Bamboo
54%
Plum Blossom
54%
Pretty Pink Flower Bouquet
54%
Lotus Flowers
46%
Dried flower centerpiece
38%
No matching quizzes found
Score Distribution
Percent of People with Each Score
Percentile by Number Answered
Your Score History
You have not taken this quiz since the last reset